000 00597nam a2200169Ia 4500
008 090711s9999 xx 000 0 und d
082 _b1232
100 _aतोरडमल मधुकर
245 _aतरू ण तुर्क म्हातारे अर्क
260 _c1972
300 _a95
600 _aतोरडमल मधुकर
630 _aतरू ण तुर्क म्हातारे अर्क
700 _aतोरडमल मधुकर
730 _aतरू ण तुर्क म्हातारे अर्क
942 _cBOOK
999 _c338239
_d338239